BUBT Library Online Catalog

Legal System of Bangladesh / (Record no. 2458)

000 -LEADER
fixed length control field 00638nam a2200205Ia 4500
003 - CONTROL NUMBER IDENTIFIER
control field BUBTL
008 - FIXED-LENGTH DATA ELEMENTS--GENERAL INFORMATION
fixed length control field 151213s9999 xx 000 0 und d
082 ## - DEWEY DECIMAL CLASSIFICATION NUMBER
Classification number 349.5492/P2789l
100 ## - MAIN ENTRY--PERSONAL NAME
Personal name Patwari, Dr. A.B. M. Mafizul Islam
9 (RLIN) 4986
245 ## - TITLE STATEMENT
Title Legal System of Bangladesh /
Statement of responsibility, etc. Dr. A.B. M. Mafizul Islam Patwari
250 ## - EDITION STATEMENT
Edition statement 2nd ed.
260 ## - PUBLICATION, DISTRIBUTION, ETC. (IMPRINT)
Place of publication, distribution, etc. Dhaka
Name of publisher, distributor, etc. Humanist and Ethical Association of Bangladesh
Date of publication, distribution, etc. c2004
300 ## - PHYSICAL DESCRIPTION
Extent 160 p. :
Dimensions 21 cm.
650 ## - SUBJECT ADDED ENTRY--TOPICAL TERM
Topical term or geographic name as entry element Law
650 ## - SUBJECT ADDED ENTRY--TOPICAL TERM
Topical term or geographic name as entry element Law
9 (RLIN) 4234
700 ## - ADDED ENTRY--PERSONAL NAME
Personal name Dr. A.B. M. Mafizul Islam Patwari
9 (RLIN) 4987
856 ## - ELECTRONIC LOCATION AND ACCESS
Password 0
Logon 0
Link text Download
942 ## - ADDED ENTRY ELEMENTS (KOHA)
Source of classification or shelving scheme
Koha item type Books
Holdings
Withdrawn status Lost status Source of classification or shelving scheme Damaged status Not for loan Collection code Permanent location Current location Shelving location Date acquired Inventory number Total Checkouts Full call number Barcode Date last seen Copy number Price effective from Koha item type
        Not For Loan Non-fiction Bangladesh University of Business and Technology Library Bangladesh University of Business and Technology Library Law Stacks 04/10/2007 3596   340.5492/P2789l BUBTL-20033596 09/29/2021 C-1 09/29/2021 Books
          Non-fiction Bangladesh University of Business and Technology Library Bangladesh University of Business and Technology Library Law Stacks 04/10/2007 3598   340.5492/P2789l BUBTL-20033598 08/09/2023 C-2 09/29/2021 Books

More Information About Library

Library Hours

  • Open: 9.00 am. to 9.00 pm.
  • Only Sunday: 9.00 am. to 6.00 pm.
  • Closed: Holiday

Contact to the University

Bangladesh University of Business and Technology Library

  • Mirpurl-2, 1216.
  • Phone:
  • Fax:
  • E-Mail: admin.library@bubt.edu.bd

Contact to the Library

Contact Person:

Md. Abdul Hakim Shah
Joint Librarian
PABX No:  113
Cell No: 01816332931
E-mail: official: admin.library@bubt.edu.bd
Personal: hakim.shah@bubt.edu.bd


BUBT Library

Copyright © 2021